| 000 | 00976nam a2200193 i 4500 | ||
|---|---|---|---|
| 001 | 152485 | ||
| 003 | ES-MaACL | ||
| 005 | 20230906204751.0 | ||
| 008 | 160408s1878 fr |||| | fre d | ||
| 100 | 1 |
_aBarthélemy, Charles ( _d1825-1888) _9159321 |
|
| 245 | 1 | 0 |
_aErreurs et mensonges historiques. _nSeptième série / _cpar M. Ch. Barthélémy. |
| 250 | _a4è édition. | ||
| 260 |
_aParis : _bLibrairie Blériot, _c[1878?] |
||
| 300 |
_a264 p. ; _c19 cm. |
||
| 505 | 8 | _aContiene: L'ancienne royauté fut-elle l'absolutisme?. - Comment Louis XV fut-il élevé?. - Le bon roi Dagobert. - Les deux Charles VII. - Louvois est-il mort empoisonné?. - Monsieur de la Palisse. - La vérité sur l'émigration. - Monsieur d'Malbrough. - Marie de Médicis est-elle morte de misère?. - De la culpabilité de Fouquet. | |
| 650 | 4 |
_aHistoria- _xErrores, invenciones, etc. _9159334 |
|
| 651 | 4 |
_aFrancia- _xHistoria- _xErrores, invenciones, etc. _9159322 |
|
| 852 |
_aES-MaACL _jG-128 |
||
| 999 |
_c152485 _d152485 |
||